Estudio de filtración para la separación de la globulina del plasma desfibrogenado para la producción de suero antiofídico
Uloženo v:
| Hlavní autor: | |
|---|---|
| Médium: | Kniha |
| Vydáno: |
San José, C.R.
2000
|
| Témata: | |
| Tagy: |
Přidat tag
Žádné tagy, Buďte první, kdo vytvoří štítek k tomuto záznamu!
|
MARC
| LEADER | 00000nam a2200000Ia 4500 | ||
|---|---|---|---|
| 003 | 008631 | ||
| 005 | 20221231144204.0 | ||
| 008 | 140114s9999 cr a 000 ||s d | ||
| 040 | |c cru CEDI | ||
| 090 | |a TFG 4248 | ||
| 100 | |a Duarte Marin,Nuria |9 7935 | ||
| 245 | |a Estudio de filtración para la separación de la globulina del plasma desfibrogenado para la producción de suero antiofídico | ||
| 260 | |c 2000 |a San José, C.R. | ||
| 300 | |a xi,104 hojas : ilustraciones, 1 plano plegables | ||
| 500 | |a Proyecto de graduación (licenciatura en ingeniería química)--Universidad de Costa Rica. Facultad de Ingeniería. Escuela de Ingeniería química | ||
| 650 | |x SUEROS ANTIOFIDICOS |x INVESTIGACIONES |x PRODUCCION |x FILTRACION |9 7936 | ||
| 942 | |c TFG |2 ddc | ||
| 999 | |c 18186 |d 18186 | ||
